Hợp chất biflavoonoid từ lá ngạnh trơn (Cratoxylon cochinchinense (Lour.) Blume) /

Guardado en:
Detalles Bibliográficos
Autor principal: Hà Việt Sơn.
Otros Autores: Cầm Thị Ính., Hoàng Thanh Hương., Nguyễn Hữu Khôi.
Formato: Artículo
Lenguaje:Vietnamese
Materias:
Etiquetas: Agregar Etiqueta
Sin Etiquetas, Sea el primero en etiquetar este registro!
Thư viện lưu trữ: Thư viện Trường Đại học Đà Lạt
LEADER 00972nam a2200301 4500
001 DLU100110925
005 ##20100823
040 # # |a DLU  |b vie 
041 # # |a vie 
044 # # |a vn 
100 # # |a Hà Việt Sơn. 
245 # # |a Hợp chất biflavoonoid từ lá ngạnh trơn (Cratoxylon cochinchinense (Lour.) Blume) /  |c Hà Việt Sơn, Hoàng Thanh Hương, Nguyễn Hữu Khôi, Cầm Thị Ính. 
653 # # |a Dược lí học 
653 # # |a Dược liệu học 
653 # # |a Qui trình sản xuất 
700 # # |a Cầm Thị Ính. 
700 # # |a Hoàng Thanh Hương. 
700 # # |a Nguyễn Hữu Khôi. 
773 # # |t Tạp chí Dược học  |g Số 7(387), 2008, tr. 35-37 
920 # # |a Phòng Tạp chí -- Trung tâm Thông tin - Thư viện Trường Đại học Đà Lạt 
994 # # |a DLU 
900 # # |a True 
911 # # |a Nguyễn Thị Linh Chi 
925 # # |a G 
926 # # |a A 
927 # # |a BB 
980 # # |a Thư viện Trường Đại học Đà Lạt